London Bus Routes (Part 1) (1 - 100) - Statistics

General Stats
  • This quiz has been taken 63 times
  • The average score is 62 of 78
Answer Stats
Terminations Bus Routes % Correct
Canada Water - Hampstead Heath 1
98%
Marylebone - West Norwood 2
98%
East Acton - Oxford Circus 7
98%
Aldwych - Hammersmith 9
98%
Crystal Palace - Victoria 3
95%
Archway - Blackfriars 4
95%
Canning Town - Romford Market 5
95%
Bow Church - Tottenham Court Road 8
95%
Fulham Broadway - Waterloo 11
88%
Holloway, Nags Head - Lewisham 21
88%
Victoria - Hackney Wick 26
88%
Friern Barnet - London Bridge 43
88%
City Thameslink - Ilford 25
85%
Hackney Wick - Marble Arch 30
85%
Barnet Church - Walthamstow Central 34
85%
Clapton Pond - Victoria 38
85%
Euston - Sudbury 18
83%
Debden - Walthamstow Central 20
83%
Hampstead Heath - Pimlico 24
83%
Camden Town - White City 31
83%
Shoreditch - Bellingham, Catford Bus Garage 47
83%
Oxford Circus - Walthamstow Central 55
83%
Putney Heath - Warren Street 14
80%
Oxford Circus - Putney Common 22
80%
Chalk Farm - Hammersmith (Grove) 27
80%
Peckham - Putney Heath 37
80%
Paddington - St. Bartholomew's Hospital 46
80%
Lambeth North - Plumstead 53
80%
Dalston Junction - Wood Green 67
80%
Oxford Circus - Stoke Newington 73
80%
Tottenham Hale - Waterloo 76
80%
Archway - London Bridge 17
78%
Battersea Bridge, Southside - Finsbury Park 19
78%
Archway - Tottenham Hale 41
78%
Elmers End - Woolwich 54
78%
Clapham Park - Kingston 57
78%
Crouch End - Trafalgar Square 91
78%
North Cheam - Putney Bridge 93
78%
St Pauls - Shadwell 100
76%
Aldwych - Westbourne Park 23
76%
Edgware - Kilburn Park 32
76%
Hammersmith - Fulwell 33
76%
New Cross Gate - Queen's Park 36
76%
Croydon Town Centre - Stockwell 50
76%
Honor Oak - King's Cross 63
76%
Nunhead - Shoreditch 78
76%
Edgware - Stonebridge Park 79
76%
Hounslow Bus Station - Slough Bus Station 81
76%
Clapham Common - Parliament Hill Fields 88
76%
Feltham - Northolt 90
76%
Ealing Hospital - St. Raphael's North (Brent Park IKEA) 92
76%
Bluewater - Woolwich 96
76%
Holborn - Willesden Bus Garage 98
76%
Clapham Junction - Shoreditch 35
73%
Clapham Junction - Putney Bridge 39
73%
Tooting Station - Victoria 44
73%
Clapham Junction - White City 49
73%
Old Coulsdon - Streatham Station 60
73%
New Addington - Thornton Heath 64
73%
Leytonstone - Romford 66
73%
Chiswick Business Park - South Kensington 70
73%
East Acton - Hammersmith Bridge 72
73%
Croydon Town Centre - Lewisham 75
73%
Kingston - Putney Bridge 85
73%
Lewisham - Slade Green 89
73%
Acton Green - Piccadilly Circus 94
73%
Chingford - Stratford City 97
73%
Camberwell Green - Morden 45
71%
Bromley North - Chislehurst 61
71%
Chessington World of Adventures - Kingston 71
71%
Tooting Station - Waterloo 77
71%
Alperton, Sainsbury's - Golders Green 83
71%
Romford - Stratford 86
71%
Aldwych - Wandsworth Plain 87
71%
Shepherd's Bush - Southall, Town Hall 95
71%
Bexleyheath, Shopping Centre - Woolwich 99
71%
Blackwall - Trafalgar Square 15
68%
Barking, Gascoigne Estate - Marks Gate 62
61%
No matching quizzes found
Score Distribution
Percent of People with Each Score
Percentile by Number Answered
Your Score History
You have not taken this quiz